000
00230nam a22000977a 4500
999
_c
261671
_d
261670
020
_a
1932065334
100
_a
Lorna
245
_a
Sometimes Its Turkey.Sometimes Its Feathers
260
_a
USA
_b
Star Bright Books
_c
2003
942
_c
BK